| 000 | 01166nam a2200265 a 4500 | ||
|---|---|---|---|
| 001 | 000017788 | ||
| 003 | DO-SdBNP | ||
| 005 | 20250617130739.0 | ||
| 008 | 100406s1986 dr abc 000 0 spa d | ||
| 040 |
_aDO-SdBNP _bspa _cBNPHU |
||
| 082 | 4 |
_a923.31 _bM385en _222 |
|
| 100 | 1 |
_aMartínez Almanzar, Juan Francisco _d1950 - _910459 |
|
| 245 | 1 | 0 |
_aEnriquillo, ídolo de barro / _cJuan Francisco Martínez Almánzar ; prólogo José Ulises Rutinel Dominguez. |
| 260 |
_aSanto Domingo : _bFuente, _c1986. |
||
| 300 |
_a220 p. : _bil, map., retrs. ; _c22 cm. |
||
| 500 | _aIncluye datos biograficos del autor en la contracubierta | ||
| 504 | _aIncluye referencias bibliográficas y notas al pie de las páginas | ||
| 504 | _aBibliografía : p. 218-219 | ||
| 600 | 0 |
_aEnriquillo _cCacique _d¿-1535 _914941 |
|
| 650 | 4 |
_aIndígenas de República Dominicana _zLa Española (Isla) _938676 _vBiografías |
|
| 650 | 4 |
_aIndigenas de República Dominicana _xGuerras _zLa Española (Isla) _938677 |
|
| 651 | 0 |
_aRepública Dominicana -- _xHistoria -- _yDescubrimiento y conquista, 1492-1503 _9255 |
|
| 700 | 1 |
_aRutinel Dominguez, José Ulises, _epról. _936435 |
|
| 942 |
_2ddc _cLBS1 |
||
| 999 |
_c17313 _d17313 |
||